000 00624nam a22002057a 4500
008 240702b mp ||||| |||| 00| 0 mon d
035 _a21084
040 _aZA2481090
_brus
_cMN-UlNLM
_dMN-UlNLM
_erda
041 _arus
042 _a50317
084 _2NNA
_a84/2орос/-44
_bЛ-59
100 _aЛиндгрен А.
245 0 _aТри повести о малыше и карлсоне
264 _aМосква
_bДетская литература
_c1986
300 _a413х.
336 _2rdacontent
_atext
_btxt
337 _2rdamedia
_aunmediated
_bn
338 _2rdacarrier
_avolume
_bnc
942 _2NNA
_cBK
999 _c1088872
_d1088929